LEADER 00689nam a2200205 i 4500 001 000000138595 003 CaOOAMICUS 005 20190924105622.0 008 050505s1956 it u000 u ita u 013 $a112493 040 $aSeMil$bita 245 10$aStoria /$cGiuseppe Tucci. 300 $aXXVI, 1310 p., [8] c. di tav. 700 1 $aTucci, Giuseppe,$d<1894-1984>.$0(OLS)http://semarc/name/6401 773 0 $tCiviltà dell'oriente.$dRoma : Casini, 1956-1962.$g1$w()13403 850 $aSeMil 852 $aSeMil$W1$xVenegono$y1$mSL1.M V 50$j92084$B92084$CSeMilBibl$Z2$F97167 $8I 961 $aRecupero: Altro 996 $6245$aStoria$9(OLS)http://semarc/title/11429 LEADER 01234nam a2200217 i 4500 001 000000229434 003 CaOOAMICUS 005 20140509000000.0 008 140509s1785 it u000 u fre u 013 $a208336 026 $a0.e, 2.0. 7.1. (3(2 (3) 1785 (R) 040 $aSeMil$bita 245 10$aTome 6. 300 $a[4], 512 p. 500 $aSegn. : pigreco2 A-2I8. 773 0 $aTricalet, Pierre-Joseph$tBibliotheque portative des Pères de l'Église; ou sur chaque père, on expose 1. l'histoire abrégée de sa vie; 2. L'analyse de ses principaux ouvrages; 3. Le précis de sa doctrine; 4. Quelques sentences tirées de ses écrits. ... Par un directeur de séminaire à Paris.$dA Paris : chez Onfroi, Libraire, Quai des Augustins; Laporte, imprimeur-Libraire, rue des Noyers; A Toulouse, chez N. Etienne Sens, Libraire, vis-a-vis Saint Rome; A Nismes, chez Gaude, Pere, Fils & Compagnie, Libraires, 1786-1787.$bNouvelle Edition, revue, corrigée & augmentée par M. Laurent-Etienne Rondet ...$g6$w()29836 850 $aSeMil 852 $aSeMil$W1$xVenegono$y1$m2T II 53 FA$j179780$B179780$CSeMilBibl$Z2$F190892 $8I 941 1 $a10 961 $aRecupero: Mantegazza 996 $6245$aTome 6$9(OLS)http://semarc/title/1601